Srí Lanka : přehledné mapy, užitečné tipy na cestu, praktická doporučení /

Hlavní autor: Ver Berkmoes, Ryan
Další autoři: Butler, Stuart, Karafin, Amy
Jazyk: Čeština
Vydáno: Praha : Svojtka & Co., 2012
Vydání: 1. české vyd.
Edice: Z řady průvodců Lonely Planet
Témata:
Fyzický popis: 335 s. : il. (některé barev.), mapy, portréty, plány ; 20 cm
Knihy
Uloženo v:
LEADER 02107nam a2200505 a 4500
001 nkc20122412366
003 CZ PrNK
005 20130226103013.0
007 ta
008 121023s2012 xr abcee f 001 0 cze
015 |a cnb002412366 
020 |a 978-80-256-0797-8  |q (brož.) 
035 |a (OCoLC)829661072 
040 |a BOA001  |b cze  |d ABA001 
041 1 |a cze  |h eng 
043 |a a-ce--- 
072 7 |a 913(5)  |x Geografie Asie, reálie, cestování  |2 Konspekt  |9 7 
080 |a 913(548.7)  |2 MRF 
080 |a (036)913  |2 MRF 
100 1 |a Ver Berkmoes, Ryan  |7 osa2009541963  |4 aut 
245 1 0 |a Srí Lanka :  |b přehledné mapy, užitečné tipy na cestu, praktická doporučení /  |c [toto vydání připravili Ryan Ver Berkmoes, Stuart Butler, Amy Karafin ; překlad Eva Cachová, Dana Štursová] 
250 |a 1. české vyd. 
260 |a Praha :  |b Svojtka & Co.,  |c 2012 
300 |a 335 s. :  |b il. (některé barev.), mapy, portréty, plány ;  |c 20 cm 
490 1 |a Z řady průvodců Lonely Planet 
500 |a Přeloženo z angličtiny 
500 |a Název z obálky 
500 |a Terminologický slovník 
500 |a Obsahuje česko-sinhálský a česko-tamilský slovník základních frází a výrazů a český překlad základních výrazů srílanské angličtiny 
500 |a Obsahuje rejstřík 
655 7 |a turistické průvodce  |7 fd133738  |2 czenas 
655 9 |a tourist guidebooks  |2 eczenas 
651 7 |a Srí Lanka  |7 ge128585  |2 czenas 
651 9 |a Sri Lanka  |2 eczenas 
700 1 |a Butler, Stuart  |7 osa2012688771  |4 aut 
700 1 |a Karafin, Amy  |7 xx0163533  |4 aut 
765 0 |t Sri Lanka  |9 Česky 
830 0 |a Z řady průvodců Lonely Planet  |0 s 
910 2 |a BOA001  |b 1-1297.469 
990 |a BK 
995 |a 01 
991 |b 201301  |c NOV  |e n 
996 6 |b 2610535976  |c 1-1297.469  |l MZK  |r Sklad / do 1 hodiny  |n 1  |p p.v.  |w 001308531  |u 000010  |a 1  |e BOA001  |j MZK50  |s P 
996 7 |b 2610540690  |c 1-1297.469  |l MZK  |r Sklad / do 1 hodiny  |n 0  |p kup  |w 001308531  |u 000020  |a 1  |e BOA001  |j MZK50  |s A 
996 7 |b 2610540691  |c 1-1297.469  |l MZK  |r Sklad / do 1 hodiny  |n 28  |p kup  |w 001308531  |u 000030  |a 1  |e BOA001  |j MZK50  |s A